000
00324nam a22001337a 4500
008
181121b xxu||||| |||| 00| 0 eng d
020
_a
9780781725255
041
_a
eng
080
_a
4 TH
100
_a
610
101
_a
SHM
245
_a
Guidelines For Exercise Testing And Prespection
_c
James.p
942
_2
udc
_c
BK
999
_c
52286
_d
52286